000 01127nam a2200265M 4500
001 rotundasieg00sieg
003 CaSfIA
005 20210119075737.0
007 cr||||
008 041216s1977 xx 000 0 eng d
040 _aNLGGC
_efobidrtb
_bdut
_cNLGGC
_dCaSfIA
020 _a0895160099
020 _a9780895160096
035 _a(OCoLC)66672438
100 1 _aSiegrist, Robert R.
245 1 0 _aRotunda /
_h[electronic resource]
_cRobert R. Siegrist.
260 _aNew York :
_bCondor,
_c1977.
300 _a610 p. ;
_c18 cm.
029 0 _aNLGGC
_b270383670
856 4 1 _uhttp://www.archive.org/details/rotundasieg00sieg
_zFree eBook from the Internet Archive
856 4 2 _uhttp://www.openlibrary.org/books/OL24238868M
_zAdditional information and access via Open Library
942 _cEB
506 _fНеобхідна авторизація на https://archive.org/ (створення облікового запису безкоштовно)
506 _fНеобхідна авторизація на https://openlibrary.org/ (створення облікового запису безкоштовно)
999 _c544813
_d544813